000 00732nam a2200253 i 4500
001 bg
100 1 _aGronowski, Stanisław
_d(1947- ).
245 1 0 _aUstawa antymonopolowa :
_bkomentarz /
_cStanisław Gronowski.
260 _aWarszawa :
_bC. H. Beck,
_c1996.
300 _aXIV, 386 s. ;
_c20 cm.
490 1 _aKomentarze Becka
504 _aBibliogr. s. IX-XIV. - Indeks.
650 9 _aMonopol
_xzwalczanie
_xprawo
_zPolska
830 _aKomentarze Becka
020 _a8371102089
020 _a3406402666 (Niemcy)
040 _cBPK
041 0 _apol
080 _a342.951:351.82:334.75](438)
920 _a83-7110-208-9
920 _a3-406-40266-6 (Niemcy)
942 _cKS
008 s pl f |000 0 pol
999 _c30945
_d30945
856 _uhttp://koha.tu.koszalin.pl/cgi-bin/koha/opac-detail.pl?biblionumber=30945
_yKatalog online BPK